[Event "DEM U14w 2024"]
[Site "Willingen GER"]
[Date "2024.05.23"]
[Round "7"]
[White "Richter, Johanna"]
[Black "Schwarzfischer, Julia"]
[Result "1-0"]
[Termination "normal"]
[Board "1"]
[WhiteElo "1741"]
[BlackElo "1767"]
[WhiteClock "00:02:57"]
[BlackClock "00:03:06"]
[PlyCount "115"]
[WhiteFideId "16278925"]
[BlackFideId "16268105"]
[EventCountry "GER"]
[EventRounds "9"]
[EventType "swiss"]
[EventDate "2024.05.18"]

1. d4 {[%clk 01:30:58]} {[%emt 00:00:03]} d5 {[%clk 01:30:56]} {[%emt
00:00:06]} 2. c4 {[%clk 01:31:12]} {[%emt 00:00:33]} e6 {[%clk 01:31:14]}
{[%emt 00:00:11]} 3. Nc3 {[%clk 01:31:37]} {[%emt 00:00:03]} Nf6 {[%clk
01:31:10]} {[%emt 00:00:34]} 4. cxd5 {[%clk 01:32:00]} {[%emt 00:00:02]} exd5
{[%clk 01:31:29]} {[%emt 00:00:09]} 5. Bg5 {[%clk 01:32:26]} c6 {[%clk
01:31:45]} {[%emt 00:00:08]} 6. e3 {[%clk 01:32:44]} {[%emt 00:00:12]} Bd6
{[%clk 01:31:55]} {[%emt 00:00:20]} 7. Bd3 {[%clk 01:32:51]} {[%emt 00:00:23]}
O-O {[%clk 01:32:15]} {[%emt 00:00:10]} 8. Qc2 {[%clk 01:32:35]} {[%emt
00:00:47]} h6 {[%clk 01:32:36]} {[%emt 00:00:09]} 9. Bh4 {[%clk 01:32:56]}
{[%emt 00:00:08]} a5 {[%clk 01:30:02]} {[%emt 00:03:06]} 10. Nge2 {[%clk
01:32:00]} {[%emt 00:01:25]} Re8 {[%clk 01:29:24]} {[%emt 00:01:08]} 11. Bg3
{[%clk 01:29:26]} {[%emt 00:03:04]} Na6 {[%clk 01:29:00]} {[%emt 00:00:54]} 12.
a3 {[%clk 01:28:40]} {[%emt 00:01:16]} Nc7 {[%clk 01:28:56]} {[%emt 00:00:35]}
13. O-O {[%clk 01:27:18]} {[%emt 00:01:52]} Ne6 {[%clk 01:24:25]} {[%emt
00:05:01]} 14. Rfc1 {[%clk 01:22:55]} {[%emt 00:04:53]} Ng5 {[%clk 01:14:04]}
{[%emt 00:10:51]} 15. Rab1 {[%clk 01:14:32]} {[%emt 00:08:53]} Nge4 {[%clk
01:10:40]} {[%emt 00:03:54]} 16. Bxd6 {[%clk 01:08:25]} {[%emt 00:06:37]} Qxd6
{[%clk 01:10:30]} {[%emt 00:00:40]} 17. Nxe4 {[%clk 01:02:30]} {[%emt
00:06:26]} dxe4 {[%clk 01:07:45]} {[%emt 00:03:16]} 18. Bc4 {[%clk 01:02:49]}
{[%emt 00:00:11]} b5 {[%clk 01:06:48]} {[%emt 00:01:26]} 19. Ba2 {[%clk
01:02:34]} {[%emt 00:00:45]} Bd7 {[%clk 01:06:04]} {[%emt 00:01:14]} 20. Qd2
{[%clk 00:56:03]} {[%emt 00:07:00]} Ng4 {[%clk 00:53:15]} {[%emt 00:13:19]} 21.
Ng3 {[%clk 00:53:02]} {[%emt 00:03:31]} h5 {[%clk 00:52:04]} {[%emt 00:01:41]}
22. h3 {[%clk 00:48:34]} {[%emt 00:04:58]} h4 {[%clk 00:49:18]} {[%emt
00:03:16]} 23. hxg4 {[%clk 00:42:34]} {[%emt 00:06:30]} hxg3 {[%clk 00:49:37]}
{[%emt 00:00:12]} 24. fxg3 {[%clk 00:42:46]} {[%emt 00:00:17]} Qxg3 {[%clk
00:49:22]} {[%emt 00:00:46]} 25. Qf2 {[%clk 00:43:01]} {[%emt 00:00:14]} Qxf2+
{[%clk 00:49:32]} {[%emt 00:00:20]} 26. Kxf2 {[%clk 00:43:31]} {[%emt
00:00:01]} Rac8 {[%clk 00:49:21]} {[%emt 00:00:41]} 27. Kg3 {[%clk 00:42:39]}
{[%emt 00:01:21]} Be6 {[%clk 00:49:28]} {[%emt 00:00:23]} 28. Bxe6 {[%clk
00:42:36]} {[%emt 00:00:34]} Rxe6 {[%clk 00:49:43]} {[%emt 00:00:15]} 29. Rc5
{[%clk 00:42:51]} {[%emt 00:00:14]} Rb8 {[%clk 00:47:02]} {[%emt 00:03:12]} 30.
Rbc1 {[%clk 00:42:18]} {[%emt 00:01:03]} Rb6 {[%clk 00:47:23]} {[%emt
00:00:08]} 31. Kf4 {[%clk 00:41:15]} {[%emt 00:01:32]} f6 {[%clk 00:46:00]}
{[%emt 00:01:53]} 32. d5 {[%emt 00:04:44]} cxd5 {[%clk 00:44:38]} {[%emt
00:01:49]} 33. Rxd5 {[%clk 00:37:14]} {[%emt 00:00:21]} a4 {[%clk 00:38:52]}
{[%emt 00:06:16]} 34. Kf5 {[%clk 00:28:28]} {[%emt 00:09:16]} Re7 {[%clk
00:31:58]} {[%emt 00:07:24]} 35. Kg6 {[%clk 00:17:38]} {[%emt 00:11:21]} f5+
{[%clk 00:32:13]} {[%emt 00:00:15]} 36. Kxf5 {[%clk 00:17:41]} {[%emt
00:00:26]} Kf7 {[%clk 00:31:48]} {[%emt 00:00:55]} 37. Kf4 {[%clk 00:16:46]}
{[%emt 00:01:26]} g6 {[%clk 00:27:15]} {[%emt 00:05:03]} 38. g5 {[%clk
00:13:44]} {[%emt 00:03:31]} Ra7 {[%clk 00:22:53]} {[%emt 00:04:52]} 39. Rd4
{[%clk 00:12:10]} {[%emt 00:02:05]} Rab7 {[%clk 00:20:05]} {[%emt 00:03:18]}
40. Rxe4 {[%clk 00:08:54]} {[%emt 00:03:45]} Rd6 {[%clk 00:19:24]} {[%emt
00:01:11]} 41. Rd4 {[%clk 00:08:36]} {[%emt 00:00:47]} Ke6 {[%clk 00:18:33]}
{[%emt 00:01:22]} 42. Rc5 {[%clk 00:06:43]} {[%emt 00:02:23]} Rf7+ {[%clk
00:05:22]} {[%emt 00:13:42]} 43. Ke4 {[%clk 00:05:25]} {[%emt 00:01:38]} Rf2
{[%clk 00:03:33]} {[%emt 00:02:28]} 44. Rxd6+ {[%clk 00:04:57]} {[%emt
00:00:58]} Kxd6 {[%clk 00:04:01]} {[%emt 00:00:03]} 45. Rxb5 {[%clk 00:05:04]}
{[%emt 00:00:22]} Kc6 {[%clk 00:02:19]} {[%emt 00:02:13]} 46. Ra5 {[%clk
00:04:06]} {[%emt 00:01:26]} Rxg2 {[%clk 00:02:39]} {[%emt 00:00:12]} 47. Kf3
{[%clk 00:03:58]} {[%emt 00:00:38]} Rxb2 {[%clk 00:02:56]} {[%emt 00:00:12]}
48. Rxa4 {[%clk 00:04:17]} {[%emt 00:00:11]} Rb6 {[%clk 00:00:34]} {[%emt
00:02:52]} 49. Rf4 {[%clk 00:04:10]} {[%emt 00:00:31]} Rb3 {[%clk 00:00:50]}
{[%emt 00:00:20]} 50. Rf6+ {[%clk 00:03:45]} {[%emt 00:00:55]} Kd5 {[%clk
00:01:13]} {[%emt 00:00:08]} 51. a4 {[%clk 00:03:31]} {[%emt 00:00:44]} Ke5
{[%clk 00:01:10]} {[%emt 00:00:32]} 52. Rxg6 {[%clk 00:01:50]} {[%emt
00:02:11]} Kf5 {[%clk 00:01:31]} {[%emt 00:00:09]} 53. Rg8 {[%clk 00:01:57]}
{[%emt 00:00:23]} Ra3 {[%clk 00:01:46]} {[%emt 00:00:16]} 54. Ra8 {[%clk
00:02:02]} {[%emt 00:00:24]} Kxg5 {[%clk 00:02:10]} {[%emt 00:00:07]} 55. a5
{[%clk 00:02:15]} {[%emt 00:00:16]} Kf6 {[%clk 00:02:32]} {[%emt 00:00:08]} 56.
a6 {[%clk 00:02:20]} {[%emt 00:00:26]} Ke7 {[%clk 00:02:57]} {[%emt 00:00:05]}
57. a7 {[%clk 00:02:36]} {[%emt 00:00:14]} Kf7 {[%clk 00:03:06]} {[%emt
00:00:20]} 58. Rh8 {[%clk 00:02:57]} {[%emt 00:00:08]} 1-0

[Event "DEM U14w 2024"]
[Site "Willingen GER"]
[Date "2024.05.23"]
[Round "7"]
[White "Halas, Neele Zoe"]
[Black "Chandrasekher, Ritu"]
[Result "1-0"]
[Termination "normal"]
[Board "3"]
[WhiteElo "1689"]
[BlackElo "1633"]
[WhiteClock "00:09:15"]
[BlackClock "00:21:08"]
[PlyCount "117"]
[WhiteFideId "16287282"]
[BlackFideId "34609024"]
[EventCountry "GER"]
[EventRounds "9"]
[EventType "swiss"]
[EventDate "2024.05.18"]

1. e4 {[%clk 01:30:59]} c6 {[%clk 01:30:54]} {[%emt 00:00:11]} 2. d4 {[%clk
01:31:25]} {[%emt 00:00:09]} d5 {[%clk 01:31:11]} {[%emt 00:00:22]} 3. Nc3
{[%clk 01:31:51]} {[%emt 00:00:05]} dxe4 {[%clk 01:31:29]} {[%emt 00:00:07]} 4.
Nxe4 {[%clk 01:32:15]} {[%emt 00:00:09]} Nf6 {[%clk 01:31:48]} {[%emt
00:00:08]} 5. Nxf6+ {[%clk 01:32:41]} {[%emt 00:00:03]} exf6 {[%clk 01:32:04]}
{[%emt 00:00:15]} 6. c3 {[%clk 01:32:54]} {[%emt 00:00:10]} Bd6 {[%clk
01:32:21]} {[%emt 00:00:05]} 7. Bd3 {[%clk 01:33:05]} {[%emt 00:00:19]} O-O
{[%clk 01:32:35]} {[%emt 00:00:15]} 8. Ne2 {[%clk 01:33:26]} {[%emt 00:00:10]}
Bg4 {[%clk 01:32:40]} {[%emt 00:00:25]} 9. h3 {[%clk 01:33:06]} {[%emt
00:00:50]} Bh5 {[%clk 01:32:27]} {[%emt 00:00:43]} 10. O-O {[%clk 01:32:38]}
{[%emt 00:00:59]} Re8 {[%clk 01:32:11]} {[%emt 00:00:45]} 11. Qc2 {[%clk
01:32:25]} {[%emt 00:00:44]} Bg6 {[%clk 01:31:39]} {[%emt 00:01:02]} 12. Bxg6
{[%clk 01:31:14]} {[%emt 00:01:41]} hxg6 {[%clk 01:31:59]} {[%emt 00:00:10]}
13. Nf4 {[%clk 01:28:31]} {[%emt 00:03:13]} Bc7 {[%clk 01:29:48]} {[%emt
00:02:41]} 14. Nd3 {[%clk 01:26:57]} {[%emt 00:02:04]} g5 {[%clk 01:26:27]}
{[%emt 00:03:51]} 15. Re1 {[%clk 01:19:52]} {[%emt 00:07:35]} Rxe1+ {[%clk
01:21:10]} {[%emt 00:05:47]} 16. Nxe1 {[%clk 01:20:13]} {[%emt 00:00:09]} Qd6
{[%clk 01:20:25]} {[%emt 00:01:15]} 17. Nf3 {[%clk 01:18:05]} {[%emt 00:02:38]}
Nd7 {[%clk 01:19:13]} {[%emt 00:01:42]} 18. Bd2 {[%clk 01:16:02]} {[%emt
00:02:33]} Nf8 {[%clk 01:14:58]} {[%emt 00:04:45]} 19. g3 {[%clk 01:03:51]}
{[%emt 00:12:40]} Re8 {[%clk 00:58:48]} {[%emt 00:16:41]} 20. Qd3 {[%clk
00:52:35]} {[%emt 00:11:46]} Ng6 {[%clk 00:54:12]} {[%emt 00:05:06]} 21. Kg2
{[%clk 00:47:03]} {[%emt 00:06:02]} Qd7 {[%clk 00:48:23]} {[%emt 00:06:20]} 22.
Nh2 {[%clk 00:32:23]} {[%emt 00:15:10]} Ne5 {[%clk 00:43:12]} {[%emt 00:05:40]}
23. Qc2 {[%clk 00:29:28]} {[%emt 00:03:25]} Qd5+ {[%clk 00:39:32]} {[%emt
00:04:10]} 24. Kg1 {[%clk 00:29:14]} {[%emt 00:00:44]} Nc4 {[%clk 00:34:24]}
{[%emt 00:05:39]} 25. b3 {[%clk 00:24:33]} {[%emt 00:05:11]} Nd6 {[%clk
00:25:48]} {[%emt 00:09:06]} 26. Qd3 {[%clk 00:20:49]} {[%emt 00:04:14]} c5
{[%clk 00:22:42]} {[%emt 00:03:36]} 27. Nf3 {[%clk 00:15:31]} {[%emt 00:05:47]}
Ne4 {[%clk 00:16:57]} {[%emt 00:06:15]} 28. Re1 {[%clk 00:15:11]} {[%emt
00:00:50]} Qf5 {[%clk 00:10:33]} {[%emt 00:06:55]} 29. dxc5 {[%clk 00:10:55]}
{[%emt 00:04:46]} g4 {[%clk 00:08:40]} {[%emt 00:02:22]} 30. hxg4 {[%clk
00:10:50]} {[%emt 00:00:36]} Qxg4 {[%clk 00:08:46]} {[%emt 00:00:23]} 31. Nh2
{[%clk 00:10:40]} {[%emt 00:00:40]} Qe6 {[%clk 00:06:50]} {[%emt 00:02:27]} 32.
f3 {[%clk 00:06:23]} {[%emt 00:04:47]} Rd8 {[%clk 00:07:00]} {[%emt 00:00:20]}
33. Qxe4 {[%clk 00:06:14]} {[%emt 00:00:38]} Qxe4 {[%clk 00:07:16]} {[%emt
00:00:14]} 34. Rxe4 {[%clk 00:06:33]} {[%emt 00:00:12]} Rxd2 {[%clk 00:07:37]}
{[%emt 00:00:09]} 35. f4 {[%clk 00:05:53]} {[%emt 00:01:10]} Kf8 {[%clk
00:07:48]} {[%emt 00:00:20]} 36. Ra4 {[%clk 00:05:23]} {[%emt 00:01:01]} Rc2
{[%clk 00:07:12]} {[%emt 00:01:05]} 37. Rxa7 {[%clk 00:02:48]} {[%emt
00:03:04]} Rc1+ {[%clk 00:07:18]} {[%emt 00:00:24]} 38. Kg2 {[%clk 00:02:56]}
{[%emt 00:00:23]} Rc2+ {[%clk 00:07:41]} {[%emt 00:00:07]} 39. Kg1 {[%clk
00:02:15]} {[%emt 00:01:11]} Rc1+ {[%clk 00:08:04]} {[%emt 00:00:07]} 40. Nf1
{[%clk 00:02:16]} {[%emt 00:00:28]} Rxc3 {[%clk 00:07:48]} {[%emt 00:00:47]}
41. b4 {[%clk 00:01:56]} {[%emt 00:00:51]} Ke7 {[%clk 00:06:28]} {[%emt
00:01:50]} 42. Rxb7 {[%clk 00:01:29]} {[%emt 00:00:57]} Kd7 {[%clk 00:05:52]}
{[%emt 00:01:06]} 43. b5 {[%clk 00:24:26]} {[%emt 00:07:33]} Kc8 {[%clk
00:33:52]} {[%emt 00:02:30]} 44. c6 {[%clk 00:22:53]} {[%emt 00:02:03]} Rc5
{[%clk 00:33:08]} {[%emt 00:01:13]} 45. a4 {[%clk 00:17:24]} {[%emt 00:05:59]}
Rc4 {[%clk 00:32:34]} {[%emt 00:01:05]} 46. Ne3 {[%clk 00:14:34]} {[%emt
00:03:19]} Rxa4 {[%clk 00:31:52]} {[%emt 00:01:12]} 47. b6 {[%clk 00:14:46]}
{[%emt 00:00:19]} Bd6 {[%clk 00:31:23]} {[%emt 00:00:59]} 48. Ra7 {[%clk
00:10:25]} {[%emt 00:04:51]} Rb4 {[%clk 00:25:47]} {[%emt 00:06:06]} 49. Ra8+
{[%clk 00:08:15]} {[%emt 00:02:40]} Bb8 {[%clk 00:25:06]} {[%emt 00:01:11]} 50.
Nd5 {[%clk 00:07:42]} {[%emt 00:01:02]} Rb1+ {[%clk 00:20:58]} {[%emt
00:04:38]} 51. Kg2 {[%clk 00:07:18]} {[%emt 00:00:54]} Rb2+ {[%clk 00:21:18]}
{[%emt 00:00:11]} 52. Kh3 {[%clk 00:07:15]} {[%emt 00:00:31]} f5 {[%clk
00:19:56]} {[%emt 00:01:53]} 53. Ne7+ {[%clk 00:07:21]} {[%emt 00:00:25]} Kd8
{[%clk 00:20:19]} {[%emt 00:00:06]} 54. c7+ {[%clk 00:07:43]} {[%emt 00:00:08]}
Kxe7 {[%clk 00:20:36]} {[%emt 00:00:13]} 55. cxb8=Q {[%clk 00:08:02]} {[%emt
00:00:11]} Rb1 {[%clk 00:20:53]} {[%emt 00:00:13]} 56. Qe5+ {[%clk 00:08:13]}
{[%emt 00:00:19]} Kd7 {[%clk 00:20:44]} {[%emt 00:00:40]} 57. Qd5+ {[%clk
00:08:30]} {[%emt 00:00:12]} Ke7 {[%clk 00:20:51]} {[%emt 00:00:23]} 58. Ra7+
{[%clk 00:08:55]} {[%emt 00:00:06]} Ke8 {[%clk 00:21:08]} {[%emt 00:00:14]} 59.
Qa8# {[%clk 00:09:15]} {[%emt 00:00:09]} 1-0

[Event "DEM U14w 2024"]
[Site "Willingen GER"]
[Date "2024.05.23"]
[Round "7"]
[White "Dodul, Alice"]
[Black "Wagner, Cosima Thien-An"]
[Result "1/2-1/2"]
[Termination "normal"]
[Board "5"]
[WhiteElo "1656"]
[BlackElo "1773"]
[WhiteClock "00:35:36"]
[BlackClock "00:27:08"]
[PlyCount "85"]
[WhiteFideId "34623817"]
[BlackFideId "34603484"]
[EventCountry "GER"]
[EventRounds "9"]
[EventType "swiss"]
[EventDate "2024.05.18"]

1. e4 {[%clk 01:30:56]} {[%emt 00:00:05]} c5 {[%clk 01:30:54]} {[%emt
00:00:15]} 2. c3 {[%clk 01:31:22]} {[%emt 00:00:03]} g6 {[%clk 01:31:15]}
{[%emt 00:00:08]} 3. d4 {[%clk 01:31:47]} {[%emt 00:00:03]} cxd4 {[%clk
01:31:40]} {[%emt 00:00:08]} 4. cxd4 {[%clk 01:32:11]} {[%emt 00:00:07]} d5
{[%clk 01:31:54]} {[%emt 00:00:16]} 5. exd5 {[%clk 01:32:34]} {[%emt 00:00:04]}
Nf6 {[%clk 01:32:20]} {[%emt 00:00:01]} 6. Nc3 {[%clk 01:32:39]} {[%emt
00:00:12]} Nxd5 {[%clk 01:32:41]} {[%emt 00:00:07]} 7. Bc4 {[%clk 01:32:42]}
{[%emt 00:00:27]} Nb6 {[%clk 01:32:53]} {[%emt 00:00:18]} 8. Bb3 {[%clk
01:32:50]} {[%emt 00:00:23]} Bg7 {[%clk 01:31:43]} {[%emt 00:01:40]} 9. Be3
{[%clk 01:31:46]} {[%emt 00:01:33]} O-O {[%clk 01:30:37]} {[%emt 00:01:36]} 10.
h3 {[%clk 01:31:23]} {[%emt 00:00:53]} N8d7 {[%clk 01:30:03]} {[%emt 00:01:05]}
11. Nf3 {[%clk 01:30:59]} {[%emt 00:00:54]} Nf6 {[%clk 01:30:00]} {[%emt
00:00:32]} 12. O-O {[%clk 01:30:40]} {[%emt 00:00:50]} Nfd5 {[%clk 01:28:45]}
{[%emt 00:01:45]} 13. Bg5 {[%clk 01:29:38]} {[%emt 00:01:32]} Be6 {[%clk
01:21:45]} {[%emt 00:07:29]} 14. Re1 {[%clk 01:22:24]} {[%emt 00:07:44]} Re8
{[%clk 01:13:17]} {[%emt 00:08:59]} 15. a3 {[%clk 01:12:26]} {[%emt 00:10:28]}
h6 {[%clk 01:07:57]} {[%emt 00:05:50]} 16. Bh4 {[%clk 01:05:54]} {[%emt
00:07:01]} Rc8 {[%clk 00:59:16]} {[%emt 00:09:11]} 17. Rc1 {[%clk 00:57:30]}
{[%emt 00:08:55]} Nc7 {[%clk 00:47:44]} {[%emt 00:12:02]} 18. Bc2 {[%clk
00:52:03]} {[%emt 00:05:56]} Nc4 {[%clk 00:40:49]} {[%emt 00:07:26]} 19. Rb1
{[%clk 00:51:25]} {[%emt 00:01:07]} Nd5 {[%clk 00:35:51]} {[%emt 00:05:29]} 20.
Nxd5 {[%clk 00:47:56]} {[%emt 00:03:58]} Bxd5 {[%clk 00:35:27]} {[%emt
00:00:54]} 21. Ba4 {[%clk 00:47:11]} {[%emt 00:01:15]} Bc6 {[%clk 00:32:29]}
{[%emt 00:03:29]} 22. Bxc6 {[%clk 00:46:03]} {[%emt 00:01:38]} Rxc6 {[%clk
00:31:57]} {[%emt 00:01:03]} 23. Qb3 {[%clk 00:43:00]} {[%emt 00:03:26]} Qc7
{[%clk 00:24:18]} {[%emt 00:08:15]} 24. Qb4 {[%clk 00:35:56]} {[%emt 00:07:33]}
Nd6 {[%clk 00:20:23]} {[%emt 00:04:24]} 25. Bg3 {[%clk 00:32:48]} {[%emt
00:03:39]} Qb6 {[%clk 00:19:01]} {[%emt 00:01:53]} 26. Qxb6 {[%clk 00:26:34]}
{[%emt 00:06:43]} Rxb6 {[%clk 00:19:28]} {[%emt 00:00:04]} 27. Ne5 {[%clk
00:25:16]} {[%emt 00:01:48]} Nf5 {[%clk 00:16:51]} {[%emt 00:03:07]} 28. Red1
{[%clk 00:23:10]} {[%emt 00:02:36]} Rd8 {[%clk 00:14:41]} {[%emt 00:02:40]} 29.
Nc4 {[%clk 00:21:12]} {[%emt 00:02:27]} Ra6 {[%clk 00:12:52]} {[%emt 00:02:18]}
30. d5 {[%clk 00:18:41]} {[%emt 00:03:02]} Nxg3 {[%clk 00:10:50]} {[%emt
00:02:33]} 31. fxg3 {[%clk 00:19:03]} {[%emt 00:00:08]} b5 {[%clk 00:09:58]}
{[%emt 00:01:22]} 32. Ne3 {[%clk 00:18:33]} {[%emt 00:00:59]} h5 {[%clk
00:09:29]} {[%emt 00:00:59]} 33. Kf2 {[%clk 00:16:17]} {[%emt 00:02:46]} Rad6
{[%clk 00:09:03]} {[%emt 00:00:55]} 34. b3 {[%clk 00:13:02]} {[%emt 00:03:47]}
Bh6 {[%clk 00:08:30]} {[%emt 00:01:03]} 35. Rbc1 {[%clk 00:11:45]} {[%emt
00:01:47]} Bxe3+ {[%clk 00:07:09]} {[%emt 00:01:50]} 36. Kxe3 {[%clk 00:12:05]}
{[%emt 00:00:10]} a6 {[%clk 00:05:57]} {[%emt 00:01:42]} 37. Rc7 {[%clk
00:11:17]} {[%emt 00:01:18]} Kf8 {[%clk 00:04:56]} {[%emt 00:01:31]} 38. Ra7
{[%clk 00:09:43]} {[%emt 00:02:05]} f5 {[%clk 00:02:24]} {[%emt 00:03:02]} 39.
Ke2 {[%clk 00:08:05]} {[%emt 00:02:08]} e6 {[%clk 00:02:13]} {[%emt 00:00:41]}
40. Rc1 {[%clk 00:06:15]} {[%emt 00:02:20]} exd5 {[%clk 00:01:37]} {[%emt
00:01:06]} 41. Rcc7 {[%clk 00:05:41]} {[%emt 00:01:04]} Re6+ {[%clk 00:28:50]}
{[%emt 00:03:16]} 42. Kd3 {[%clk 00:35:37]} {[%emt 00:00:34]} Ke8 {[%clk
00:27:08]} {[%emt 00:02:13]} 43. Rh7 {[%clk 00:35:36]} {[%emt 00:00:31]}
1/2-1/2

[Event "DEM U14w 2024"]
[Site "Willingen GER"]
[Date "2024.05.23"]
[Round "7"]
[White "Bauer, Laura Sophie"]
[Black "Färber, Anna"]
[Result "1/2-1/2"]
[Termination "normal"]
[Board "6"]
[WhiteElo "1874"]
[BlackElo "1661"]
[WhiteClock "00:27:44"]
[BlackClock "00:09:28"]
[PlyCount "99"]
[WhiteFideId "16253647"]
[BlackFideId "34633480"]
[EventCountry "GER"]
[EventRounds "9"]
[EventType "swiss"]
[EventDate "2024.05.18"]

1. e4 {[%clk 01:30:57]} {[%emt 00:00:03]} e6 {[%clk 01:30:54]} {[%emt
00:00:11]} 2. d4 {[%clk 01:31:22]} {[%emt 00:00:14]} d5 {[%clk 01:31:18]}
{[%emt 00:00:11]} 3. e5 {[%clk 01:31:47]} {[%emt 00:00:07]} c5 {[%clk
01:31:40]} {[%emt 00:00:04]} 4. c3 {[%clk 01:32:12]} {[%emt 00:00:03]} Qb6
{[%clk 01:32:05]} {[%emt 00:00:09]} 5. Nf3 {[%clk 01:29:18]} {[%emt 00:03:05]}
Nc6 {[%clk 01:32:29]} {[%emt 00:00:07]} 6. a3 {[%clk 01:29:33]} {[%emt
00:00:15]} Nh6 {[%clk 01:32:47]} {[%emt 00:00:12]} 7. Bd3 {[%clk 01:29:48]}
{[%emt 00:00:14]} Nf5 {[%clk 01:28:40]} {[%emt 00:04:37]} 8. dxc5 {[%clk
01:22:52]} {[%emt 00:07:26]} Bxc5 {[%clk 01:24:15]} {[%emt 00:04:56]} 9. Bxf5
{[%clk 01:21:18]} {[%emt 00:02:04]} Bxf2+ {[%clk 01:15:19]} {[%emt 00:09:26]}
10. Ke2 {[%clk 01:19:31]} {[%emt 00:02:17]} exf5 {[%clk 01:13:20]} {[%emt
00:02:29]} 11. b4 {[%clk 01:16:39]} {[%emt 00:03:22]} f4 {[%clk 01:11:19]}
{[%emt 00:02:31]} 12. Bxf4 {[%clk 01:15:48]} {[%emt 00:01:20]} Bg4 {[%clk
01:10:40]} {[%emt 00:01:09]} 13. Qxd5 {[%clk 01:02:42]} {[%emt 00:13:36]} Bh4
{[%clk 01:08:15]} {[%emt 00:02:55]} 14. g3 {[%clk 00:57:20]} {[%emt 00:05:52]}
Rd8 {[%clk 00:56:28]} {[%emt 00:12:17]} 15. Qe4 {[%clk 00:54:39]} {[%emt
00:03:11]} Be7 {[%clk 00:50:15]} {[%emt 00:06:43]} 16. Nbd2 {[%clk 00:49:09]}
{[%emt 00:06:00]} O-O {[%clk 00:48:03]} {[%emt 00:02:42]} 17. Be3 {[%clk
00:47:27]} {[%emt 00:02:12]} Bxf3+ {[%clk 00:43:33]} {[%emt 00:05:01]} 18. Nxf3
{[%clk 00:46:28]} {[%emt 00:01:28]} Qc7 {[%clk 00:43:22]} {[%emt 00:00:42]} 19.
Rad1 {[%clk 00:44:31]} {[%emt 00:02:26]} Rfe8 {[%clk 00:41:40]} {[%emt
00:02:12]} 20. Kf2 {[%clk 00:42:05]} {[%emt 00:02:55]} h6 {[%clk 00:38:17]}
{[%emt 00:03:54]} 21. Kg2 {[%clk 00:34:59]} {[%emt 00:07:36]} Rxd1 {[%clk
00:34:19]} {[%emt 00:04:28]} 22. Rxd1 {[%clk 00:35:23]} {[%emt 00:00:07]} Bf6
{[%clk 00:34:00]} {[%emt 00:00:49]} 23. Qc4 {[%clk 00:32:26]} {[%emt 00:03:27]}
Qb8 {[%clk 00:31:30]} {[%emt 00:03:00]} 24. exf6 {[%clk 00:30:26]} {[%emt
00:02:29]} Rxe3 {[%clk 00:31:30]} {[%emt 00:00:30]} 25. Qg4 {[%clk 00:29:56]}
{[%emt 00:00:58]} g6 {[%clk 00:23:59]} {[%emt 00:08:03]} 26. Nh4 {[%clk
00:22:44]} {[%emt 00:07:41]} Qe8 {[%clk 00:21:46]} {[%emt 00:02:44]} 27. b5
{[%clk 00:14:29]} {[%emt 00:08:45]} Na5 {[%clk 00:17:43]} {[%emt 00:04:34]} 28.
Nf5 {[%clk 00:13:49]} {[%emt 00:01:09]} Re2+ {[%clk 00:16:35]} {[%emt
00:01:38]} 29. Kf1 {[%clk 00:05:25]} {[%emt 00:08:54]} Re5 {[%clk 00:11:07]}
{[%emt 00:05:58]} 30. Ne7+ {[%clk 00:04:04]} {[%emt 00:01:51]} Kh7 {[%clk
00:10:38]} {[%emt 00:00:59]} 31. Rd7 {[%clk 00:03:44]} {[%emt 00:00:50]} Rf5+
{[%clk 00:07:05]} {[%emt 00:04:03]} 32. Nxf5 {[%clk 00:03:51]} {[%emt
00:00:23]} Qxd7 {[%clk 00:07:32]} {[%emt 00:00:04]} 33. Ne3 {[%clk 00:02:40]}
{[%emt 00:01:41]} Qxb5+ {[%clk 00:07:12]} {[%emt 00:00:49]} 34. Qe2 {[%clk
00:02:40]} {[%emt 00:00:30]} Qe5 {[%clk 00:04:10]} {[%emt 00:03:32]} 35. Ng4
{[%clk 00:02:06]} {[%emt 00:01:05]} Qxe2+ {[%clk 00:02:51]} {[%emt 00:01:49]}
36. Kxe2 {[%clk 00:02:29]} {[%emt 00:00:07]} Nc6 {[%clk 00:02:39]} {[%emt
00:00:41]} 37. Kf3 {[%clk 00:02:07]} {[%emt 00:00:52]} g5 {[%clk 00:02:27]}
{[%emt 00:00:41]} 38. Ke4 {[%clk 00:02:20]} {[%emt 00:00:18]} Kg6 {[%clk
00:02:19]} {[%emt 00:00:38]} 39. Kd5 {[%clk 00:02:20]} {[%emt 00:00:30]} Na5
{[%clk 00:01:17]} {[%emt 00:01:32]} 40. Ne5+ {[%clk 00:01:01]} {[%emt
00:01:49]} Kxf6 {[%clk 00:01:22]} {[%emt 00:00:25]} 41. Ng4+ {[%clk 00:01:19]}
{[%emt 00:00:12]} Kg6 {[%clk 00:30:14]} {[%emt 00:01:37]} 42. Ne5+ {[%clk
00:29:51]} {[%emt 00:01:58]} Kg7 {[%clk 00:28:16]} {[%emt 00:02:28]} 43. g4
{[%clk 00:30:00]} {[%emt 00:00:21]} f6 {[%clk 00:26:45]} {[%emt 00:02:01]} 44.
Nf3 {[%clk 00:28:22]} {[%emt 00:02:09]} Kg6 {[%clk 00:25:13]} {[%emt 00:02:01]}
45. Nd4 {[%clk 00:28:14]} {[%emt 00:00:39]} h5 {[%clk 00:21:30]} {[%emt
00:04:13]} 46. h3 {[%clk 00:28:31]} {[%emt 00:00:13]} hxg4 {[%clk 00:18:34]}
{[%emt 00:03:26]} 47. hxg4 {[%clk 00:28:54]} {[%emt 00:00:07]} Kf7 {[%clk
00:18:22]} {[%emt 00:00:42]} 48. Nf5 {[%clk 00:28:34]} {[%emt 00:00:50]} Kg6
{[%clk 00:16:29]} {[%emt 00:02:23]} 49. Nd4 {[%clk 00:27:36]} {[%emt 00:01:28]}
Kf7 {[%clk 00:09:28]} {[%emt 00:07:31]} 50. Nf5 {[%clk 00:27:44]} {[%emt
00:00:22]} 1/2-1/2